00257nam a22000977a 4500008004100000041000800041080001000049100000600059101001100065245008300076180607b xxu||||| |||| 00| 0 eng d aeng a043.3 a0 aMBE-BA aCostumet Care Management in the Case of Kosovo Energy CorporationcKrasniqi, A